| 000 | 00459nam a2200157 i 4500 | ||
|---|---|---|---|
| 001 | 25325 | ||
| 003 | ES-MaACL | ||
| 005 | 20230906153234.0 | ||
| 007 | t| | ||
| 008 | 021224s1973 sp ||||1| spa d | ||
| 100 | 1 |
_aArmada Sagrera, Rafael. _922906 |
|
| 245 | 1 | 3 |
_aLa leyenda del rosal de la rosa blanca / _cRafael Armada Sagrera. |
| 260 |
_a[Burgos : _bs.n., _c1973] ( _fGráf. Galicia) |
||
| 300 |
_a146 p. ; _c18 cm. |
||
| 852 |
_aES-MaACL _jC-54168 _bR.86995 |
||
| 999 |
_c25325 _d25325 |
||